| 000 | 00583nam a2200205Ia 4500 | ||
|---|---|---|---|
| 005 | 20260429112207.0 | ||
| 008 | 260429s9999||||xx |||||||||||||| ||und|| | ||
| 020 | _a9789381991473 | ||
| 041 | _aEnglish | ||
| 082 |
_a915.4 _bARU |
||
| 100 | _aArunachalam, P. | ||
| 245 | 0 |
_aGeography of India : _bphysical, political and commercial / _cP. Arunachalam |
|
| 250 | _a1st ed. | ||
| 260 |
_aNew Delhi : _bSwastik Publications, _c2025. |
||
| 300 | _aviii, 280 p.; hb | ||
| 650 | _a Physical geography | ||
| 650 | _a Political geography | ||
| 650 | _aIndia-Geography | ||
| 942 | _cTB | ||
| 999 |
_c52821 _d52821 |
||